Las revoluciones (Record no. 164181)

MARC details
000 -LEADER
campo de control de longitud fija 00649nam a22001695i 4500
001 - NÚMERO DE CONTROL
campo de control 164181
003 - IDENTIFICADOR DE NÚMERO DE CONTROL
campo de control ES-MaACL
005 - FECHA Y HORA DE LA ÚLTIMA TRANSACCIÓN
campo de control 20240424063058.0
008 - DATOS DE LONGITUD FIJA--INFORMACIÓN GENERAL
campo de control de longitud fija 010403s1886 sp |||| | spa d
040 ## - FUENTE DE CATALOGACIÓN
Centro catalogador/agencia de origen CAM
Lengua de catalogación spa
Centro/agencia transcriptor CAM
100 1# - ENTRADA PRINCIPAL--NOMBRE DE PERSONA
Nombre de persona Ruimar, Cándido,
Fechas asociadas al nombre n. 1862
9 (RLIN) 100866
245 14 - MENCIÓN DEL TÍTULO
Título Las revoluciones
Resto del título : canto /
Mención de responsabilidad, etc. Cándido Ruiz Martínez.
260 ## - PUBLICACIÓN, DISTRIBUCIÓN, ETC.
Lugar de publicación, distribución, etc. Madrid :
Nombre del editor, distribuidor, etc. [s.n.],
Fecha de publicación, distribución, etc. 1886 (
Fabricante tipografía de El Correo, a cargo de F. Fernández)
300 ## - DESCRIPCIÓN FÍSICA
Extensión 45 p. ;
Dimensiones 19 cm.
852 ## - LOCALIZACIÓN
Ubicación ES-MaACL
Número de control de estantería T-400-F-9
Nota libre -- Enc. hol., falto de la cub. original
-- -- An. ms.: ded. del autor a la Biblioteca del Ateneo de Madrid
Holdings
Estatus retirado Estado de pérdida Estado de daño No para préstamo Colección Biblioteca de origen Biblioteca actual Ubicación en estantería Fecha de adquisición Total de préstamos Signatura topográfica completa Código de barras Visto por última vez Precio de reemplazo Tipo de ítem Koha
        Colección de folletos Biblioteca del Ateneo de Madrid Biblioteca del Ateneo de Madrid Depósito folletos 17/01/2008   T-400-F-9 1172076 23/02/2023 23/02/2023 Folleto